| 000 | 00922nam a22002177a 4500 | ||
|---|---|---|---|
| 999 |
_c18141 _d18141 |
||
| 005 | 20180316164150.0 | ||
| 008 | 160217b2015 ck do fr|||| 00| 0 spa d | ||
| 020 | _a9789588935041 | ||
| 040 |
_aCO-BoIAVH _cCO-BoIAVH |
||
| 041 | 0 | _aspa | |
| 044 | _ack | ||
| 082 | 0 | 4 |
_aFG- _b0247 |
| 110 | 2 | _aInstituto de Investigaciones Marinas y Costeras - INVEMAR | |
| 245 | 1 | 0 |
_aIndicadores en la unidad de manejo integrado Guapi-Iscuandé : _bcaso piloto de implementación de indicadores de manejo integrado de la zona costera a escala local / _cInvemar |
| 260 |
_aSanta Marta : _bInvemar, _c2015. |
||
| 300 |
_a16 páginas ; _bmapas, gráficas y fotografías ; _c21 x 14 cm. |
||
| 490 | 0 |
_aSerie de publicaciones generales INVEMAR ; _v84 |
|
| 650 | 6 |
_aCosta _xAspectos ambientales _zPacífico (Región, Colombia) |
|
| 650 | 6 |
_aCosta _xManejo _vIndicadores _zPacífico (Región, Colombia) |
|
| 942 |
_2z _cFolleto |
||